000 00926nam a2200265 i 4500
001 C2-0323583
003 PPAK
005 20180728122135.0
008 131104s2012 my |||| ||||| | zxx d
020 _a9789834601546
040 _aPPAK
_beng
_cPPAK
_erda
082 0 4 _a413.9923
_223
090 0 0 _a413.9923
_bKAM
_dR
245 0 0 _aKamus padanan tiga bahasa :
_bMelayu-Inggeris-Parsi, Parsi-Melayu-Inggeris
264 1 _aKuala Lumpur :
_bDewan Bahasa dan Pustaka ,
_c2012
300 _axiv, 150 pages ;
_c14 cm
336 _2rdacontent
_atext
337 _2rdamedia
_aunmediated
338 _2rdacarrier
_avolume
650 1 0 _aMalay language - Dictionaries - Polyglot. ; English language - Dictionaries - Polyglot. ; Persian language - Dictionaries - Polyglot.
700 0 _aHakimeh Dabiran,
_ecompile
700 0 _aMuhammad Bukhari Lubis,
_eeditor
700 0 _aFiruz Akhtar Lubis,
_etranslator.
942 _ddc
_cB
999 _c123639
_d123639